Celebrity Traitors UK - Statistics

General Stats
  • This quiz has been taken 67 times
  • The average score is 35 of 45
Answer Stats
Question Tile Select % Correct
Which of these contestants where murdered? Yes
98%
Which of these contestants where murdered? No
98%
Which of these contestants made it to the final 5? No
97%
Which of these contestants made it to the final 5? Yes
97%
Which of these contestants where murdered? No
95%
Which of these contestants made it to the final 5? Yes
95%
Which of these contestants made it to the final 5? Yes
95%
Which of these contestants made it to the final 5? No
95%
Which of these contestants made it to the final 5? No
95%
Which of these contestants made it to the final 5? Yes
93%
Which of these contestants made it to the final 5? Yes
93%
Which of these contestants where murdered? No
92%
Which of these contestants where murdered? Yes
90%
Which of these contestants made it to the final 5? No
90%
Which of these contestants had more than one shield throughout the series? No
88%
Which of these contestants where murdered? Yes
86%
Which of these contestants where murdered? Yes
86%
Which of these contestants are not English? No
86%
Which of these contestants are not English? No
85%
Which of these contestants are not English? No
85%
Which of these contestants are not English? No
85%
Which of these contestants are not English? No
85%
Which of these contestants had more than one shield throughout the series? No
85%
Which of these contestants didn't get a single vote against them? No
83%
Which of these contestants didn't get a single vote against them? No
81%
Which of these contestants had more than one shield throughout the series? No
80%
Which of these contestants are not English? No
78%
Which of these contestants didn't get a single vote against them? No
78%
Which of these contestants where murdered? No
76%
Which of these contestants where murdered? Yes
76%
Which of these contestants didn't get a single vote against them? No
73%
Which of these contestants are not English? Yes
69%
Which of these contestants had more than one shield throughout the series? No
68%
Which of these contestants didn't get a single vote against them? No
68%
Which of these contestants are not English? Yes
66%
Which of these contestants didn't get a single vote against them? No
59%
Which of these contestants had more than one shield throughout the series? Yes
56%
Which of these contestants are not English? Yes
53%
Which of these contestants didn't get a single vote against them? No
51%
Which of these contestants had more than one shield throughout the series? No
49%
Which of these contestants had more than one shield throughout the series? Yes
47%
Which of these contestants had more than one shield throughout the series? No
47%
Which of these contestants didn't get a single vote against them? Yes
42%
Which of these contestants didn't get a single vote against them? Yes
37%
Which of these contestants had more than one shield throughout the series? Yes
25%
No matching quizzes found
Score Distribution
Percent of People with Each Score
Percentile by Number Answered
Your Score History
You have not taken this quiz